| 000 | 00766nam a2200181Ia 4500 | ||
|---|---|---|---|
| 003 | GCL | ||
| 008 | 140319s9999 xx 000 0 ara d | ||
| 040 |
_aGCL / _cGCL |
||
| 082 | 0 | 4 |
_a025.34 _bا ت |
| 100 | 1 | _aابراهيم عبدالموجود حسن | |
| 245 | 1 | 0 |
_aالتنظيم الببليوجرافى للاوعية غير التقليدية فى المكتبات ومراكز المعلومات / _cابراهيم عبدالموجود حسن |
| 260 |
_aالقاهرة : _bالعربى للنشر والتوزيع ، _c1995 |
||
| 300 |
_a148 ص ؛ _c24 سم |
||
| 490 |
_aدراسات فى الكتب والمعلومات _v0 |
||
| 650 | 0 | 4 | _aالفهرسة الوصفية |
| 650 | 0 | 4 | _aالمواد غير المطبوعة - فهرسة |
| 942 |
_2ddc _cBK |
||
| 999 |
_c33283 _d33283 |
||